GLOBALISASI : Beberapa pendekatan sains sosial

Bibliographic Details
Other Authors: Rosazman Hussin
Format: Book
Published: Kuala Lumpur : DBP , 2000
Subjects:

MARC

LEADER 00000cam a2200000 7i4500
001 0000001132
005 20140108.0
020 0 0 |a 9876268995 
090 0 0 |a 306   |b GLO 2000 
245 0 0 |a GLOBALISASI :   |b Beberapa pendekatan sains sosial   |c Rosazaman Hussin ... (et al.) 
260 0 0 |a Kuala Lumpur :   |b DBP ,   |c 2000 
300 |a xx, 142 p. ;   |c 22 cm. 
500 0 0 |a Bibliography : (p. 129-137) and index 
650 0 0 |a Cultural relations 
650 0 0 |a Culture 
650 0 0 |a International relations 
700 0 1 |a Rosazman Hussin 
998 |a JPSM 
999 |a 0000002113   |b Monograph   |c Open Shelf   |e Default branch